000 00392nam a2200169Ia 4500
001 14039
003 IN-NITTTR
005 20251114233132.0
008 251113s9999||||xx |||||||||||||| ||eng||
040 _beng
040 _cIN-NITTTR
041 _aeng
082 _a152.334 W589C
100 _aWhiting, H.T.A.
245 0 _aConcepts in skill learning /
_cWhiting, H.T.A.
942 _2ddc
_cBK
999 _c16675
_d16675